| 000 | 00420nam a2200157Ia 4500 | ||
|---|---|---|---|
| 008 | 230711s9999||||xx |||||||||||||| ||und|| | ||
| 041 | _aENG | ||
| 082 |
_a720 _bDE-D |
||
| 100 | _aDewey,Melvil | ||
| 245 | 0 | _aDeway decimal classification and relative index | |
| 250 | _a23rd | ||
| 260 |
_c2011 _aDublin _bOCLC Online Computer Library Center |
||
| 300 | _a1291 | ||
| 650 | _aLibrary and Information Science | ||
| 942 | _cBK | ||
| 999 |
_c5383 _d5383 |
||